000 01248njm a22003017a 4500
005 20100914124712.0
006 a|||||r|||||00| 0
007 sd ammalaaahaa
008 100914t xxu||||| |||| 00| 0 eng d
028 _a45-AE.1249
_bAngel Records
035 _aGR-02484
040 _aSED
_cSED
100 _917455
_aKumar, Kishore
245 _aDoor ka raahi /
_cby Kishore; sung by Kishore Kumar & Sulakshana Pandit; music by Kishore Kumar; lyric by Irshad
_h[sound recording] :
246 _aदूर का राही /
260 _aDum Dum, India
_bAngel Records
300 _a1 sound disc [Gramophone Recording]:
_banalog, 45 rpm
_c7.5 in. (SP)
_fGramophone Record
500 _aRecord labels :Angel Records,Red
500 _aBrief Record
505 _aSide-1 बेकरार दिल (Beqarar dil) (Kishore Kumar & Sulakshana Pandit) -- Side-2 पंथी हूँ मैं (Panthi hoon main) (Kishore Kumar)
600 _aKumar, Kishore
_919923
650 _aFilm songs
_zIndia
_91186
_xExcerpts
700 _aPandit, Sulakshana
_919989
700 _aKumar, Kishore
_919990
700 _aIrshad
_919991
942 _2ddc
_cGR
999 _c45689
_d45689